[Event "VIE-ch (Women)"]
[Site "Hanoi"]
[Date "2016.??.??"]
[Round "5"]
[White "Luong, Phuong Hanh"]
[Black "Nguyen, Thi Thuy Trien"]
[Result "0-1"]
[WhiteElo "2156"]
[BlackElo "2051"]
[PlyCount "81"]
[EventDate "2016.11.10"]
[EventType "swiss"]
[EventRounds "9"]
[EventCountry "VIE"]
[SourceTitle "EXT 2018"]
[Source "ChessBase"]
[SourceDate "2017.10.13"]
[SourceVersion "1"]
[SourceVersionDate "2017.10.13"]
[SourceQuality "1"]

1. d4 c6 2. Nf3 Nf6 3. g3 d5 4. Bg2 Bf5 5. 0-0 e6 6. c4 Be7 7. Qb3 Qb6 8. Nc3 0-0 9. c5 Qxb3 10. axb3 Na6 11. Ne5 Rfc8 12. Bf4 Ng4 13. e4 dxe4 14. Nxg4 Bxg4 15. Nxe4 Bf5 16. Nd2 Nc7 17. Nc4 Nb5 18. Rfd1 g5 19. Be3 Rc7 20. b4 Bf6 21. Bf1 Rd8 22. Ne5 a6 23. Be2 h6 24. Rac1 Kg7 25. f3 Re7 26. Kf2 Nc7 27. f4 Nd5 28. fxg5 Bxg5 29. Bxg5 hxg5 30. Rc4 Rh8 31. Rh1 f6 32. Nf3 Be4 33. g4 Nf4 34. Ke3 Bd5 35. Rc3 Rh3 36. Kf2 Rd7 37. Rd1 Bxf3 38. Bxf3 Rxh2+ 39. Kg3 Rxb2 40. Rc4 Rd8 41. Rh1 0-1

[Event "VIE-ch (Women)"]
[Site "Hanoi"]
[Date "2016.??.??"]
[Round "1"]
[White "Nguyen, Thi Thuy Trien"]
[Black "Doan, Thi Hong Nhung"]
[Result "1/2-1/2"]
[WhiteElo "2051"]
[BlackElo "1436"]
[PlyCount "73"]
[EventDate "2016.11.10"]
[EventType "swiss"]
[EventRounds "9"]
[EventCountry "VIE"]
[SourceTitle "EXT 2018"]
[Source "ChessBase"]
[SourceDate "2017.10.13"]
[SourceVersion "1"]
[SourceVersionDate "2017.10.13"]
[SourceQuality "1"]

1. e4 e6 2. d4 d5 3. e5 c5 4. c3 Qb6 5. Nf3 Nc6 6. Bd3 Bd7 7. Bc2 cxd4 8. cxd4 Nb4 9. 0-0 Nxc2 10. Qxc2 Rc8 11. Nc3 Ne7 12. Rd1 Nc6 13. Be3 Bb4 14. a3 Bxc3 15. bxc3 Na5 16. h3 h6 17. Nh2 Bb5 18. Rdb1 Qa6 19. Qd1 Be2 20. Qa4+ Nc6 21. Qb3 b6 22. Re1 0-0 23. Qc2 Bh5 24. Qd2 Kh7 25. Ng4 Rh8 26. Bf4 Ne7 27. Qd1 Bxg4 28. hxg4 Rxc3 29. Re3 Rhc8 30. Qf3 Rxe3 31. fxe3 Rc2 32. Re1 Qxa3 33. Bxh6 gxh6 34. Qxf7+ Kh8 35. Qf6+ Kh7 36. Qf7+ Kh8 37. Qf6+ 1/2-1/2

[Event "VIE-ch (Women)"]
[Site "Hanoi"]
[Date "2016.??.??"]
[Round "3"]
[White "Nguyen, Thi Thuy Trien"]
[Black "Nguyen, Hong Anh"]
[Result "1/2-1/2"]
[WhiteElo "2051"]
[BlackElo "1562"]
[PlyCount "73"]
[EventDate "2016.11.10"]
[EventType "swiss"]
[EventRounds "9"]
[EventCountry "VIE"]
[SourceTitle "EXT 2018"]
[Source "ChessBase"]
[SourceDate "2017.10.13"]
[SourceVersion "1"]
[SourceVersionDate "2017.10.13"]
[SourceQuality "1"]

1. d4 Nf6 2. c4 g6 3. Nc3 d5 4. cxd5 Nxd5 5. e4 Nxc3 6. bxc3 c5 7. Bc4 Bg7 8. Ne2 Nc6 9. Be3 0-0 10. 0-0 Bg4 11. f3 Na5 12. Bb3 Bd7 13. Rb1 a6 14. Qd2 Bb5 15. Rfd1 Qc7 16. Nf4 Nc4 17. Bxc4 Bxc4 18. dxc5 Be5 19. Nd5 Bxh2+ 20. Kh1 Bxd5 21. exd5 Bg3 22. Bf2 Bxf2 23. Qxf2 Rac8 24. Rd3 Rfd8 25. Qd2 Qxc5 26. Rxb7 Rb8 27. Rb4 Rb5 28. a4 Rxd5 29. Rxd5 Qxd5 30. Qxd5 Rxd5 31. c4 Rc5 32. Rb6 a5 33. Rb5 Rxc4 34. Rxa5 Kg7 35. Kh2 Kf6 36. Ra8 h6 37. a5 1/2-1/2

[Event "Wch U20 Girls 33rd"]
[Site "Khanty-Mansiysk"]
[Date "2015.09.04"]
[Round "3"]
[White "Drogovoz, Irina"]
[Black "Nguyen, Thi Thuy Trien"]
[Result "1-0"]
[WhiteElo "2253"]
[BlackElo "1939"]
[PlyCount "50"]
[EventDate "2015.09.02"]
[EventType "swiss"]
[EventRounds "13"]
[EventCountry "RUS"]
[SourceTitle "EXT 2016"]
[Source "ChessBase"]
[SourceDate "2015.10.08"]
[SourceVersion "1"]
[SourceVersionDate "2015.10.08"]
[SourceQuality "1"]

1. d4 Nf6 2. c4 g6 3. Nc3 Bg7 4. e4 d6 5. h3 0-0 6. Nf3 e5 7. d5 Nh5 8. g3 Qe8 9. Be2 f5 10. exf5 gxf5 11. Nh4 Nf6 12. Qc2 Na6 13. g4 e4 14. Nxf5 Bxf5 15. gxf5 Nb4 16. Qd1 e3 17. Bxe3 Ne4 18. Rg1 Rxf5 19. a3 Nxc3 20. bxc3 Na6 21. Qc2 Rf6 22. 0-0-0 Nc5 23. Bd4 Nd7 24. Bxf6 Nxf6 25. Qf5 Kh8 1-0

[Event "Wch U20 Girls 33rd"]
[Site "Khanty-Mansiysk"]
[Date "2015.09.02"]
[Round "1"]
[White "Makarenko, Alexandra"]
[Black "Nguyen, Thi Thuy Trien"]
[Result "0-1"]
[WhiteElo "2229"]
[BlackElo "1939"]
[PlyCount "114"]
[EventDate "2015.09.02"]
[EventType "swiss"]
[EventRounds "13"]
[EventCountry "RUS"]
[SourceTitle "EXT 2016"]
[Source "ChessBase"]
[SourceDate "2015.10.08"]
[SourceVersion "1"]
[SourceVersionDate "2015.10.08"]
[SourceQuality "1"]

1. e4 d5 2. exd5 Qxd5 3. Nc3 Qa5 4. d4 Nf6 5. Nf3 c6 6. Bc4 Bg4 7. h3 Bh5 8. g4 Bg6 9. Ne5 e6 10. h4 Be4 11. Rh3 Bd5 12. Bf4 Nbd7 13. Nxd7 Nxd7 14. Bf1 h6 15. a3 Be7 16. Qd2 a6 17. 0-0-0 Rc8 18. Kb1 Qb6 19. Na4 Qa7 20. c4 Be4+ 21. Ka1 b5 22. Nc3 Bh7 23. d5 cxd5 24. cxd5 e5 25. d6 Bd8 26. Be3 Qb8 27. f4 exf4 28. Bxf4 0-0 29. Bd3 Bxd3 30. Qxd3 b4 31. Nd5 bxa3 32. Qxa3 Rc5 33. Kb1 Qb7 34. Ne7+ Kh8 35. Qe3 Rb5 36. Rh2 Bb6 37. Qd3 Nc5 38. Qd5 Qd7 39. Qf5 Ne6 40. Qe4 Rb8 41. g5 Bd8 42. Nd5 Nc5 43. Qe5 h5 44. Rc2 Na4 45. Bc1 Kg8 46. Qe4 Nc5 47. Qe2 Ra5 48. Qc4 Nb3 49. Rf2 Ra1+ 50. Kc2 Rc8 51. Nc7 Bxc7 52. Kxb3 Bd8 53. Qxc8 Qxc8 54. d7 Qb7+ 55. Kc2 Qc6+ 56. Kb3 Qa4+ 57. Kc3 Qxd1 0-1

[Event "VIE-ch Resolution (Women) 7th"]
[Site "Bac Giang"]
[Date "2014.12.09"]
[Round "4"]
[White "Do, Huu Thuy Trang"]
[Black "Nguyen, Thi Thuy Trien"]
[Result "0-1"]
[WhiteElo "1827"]
[BlackElo "1939"]
[PlyCount "80"]
[EventDate "2014.12.05"]
[EventType "swiss"]
[EventRounds "9"]
[EventCountry "VIE"]
[SourceTitle "EXT 2016"]
[Source "ChessBase"]
[SourceDate "2015.10.08"]
[SourceVersion "1"]
[SourceVersionDate "2015.10.08"]
[SourceQuality "1"]

1. d4 f5 2. c4 Nf6 3. Nc3 g6 4. b3 Bg7 5. Bb2 0-0 6. g3 d6 7. Bg2 Qe8 8. e3 c6 9. Nge2 e5 10. Ba3 exd4 11. exd4 Qe7 12. 0-0 Ne8 13. Qd3 Nd7 14. Rfe1 Qf7 15. Nf4 Ndf6 16. Re2 g5 17. Nh3 Qh5 18. f4 h6 19. Rae1 Bd7 20. Bc1 Nh7 21. Nf2 Qg6 22. Re3 Nc7 23. Ne2 Rfe8 24. Kh1 Qf6 25. Nd1 Rxe3 26. Nxe3 g4 27. h3 h5 28. h4 Nf8 29. Bf1 Re8 30. Ng2 Ng6 31. Be3 Re7 32. Bf2 Qf8 33. Ne3 Kh8 34. Kh2 Qf6 35. Bg2 Kh7 36. Nc2 Bh6 37. d5 c5 38. Bxc5 Bxf4 39. Bxa7 Be8 40. Kg1 Kg7 0-1

[Event "VIE-ch Resolution (Women) 7th"]
[Site "Bac Giang"]
[Date "2014.12.08"]
[Round "3"]
[White "Nguyen, Thi Thuy Trien"]
[Black "Luong, Phuong Hanh"]
[Result "0-1"]
[WhiteElo "1939"]
[BlackElo "2175"]
[PlyCount "84"]
[EventDate "2014.12.05"]
[EventType "swiss"]
[EventRounds "9"]
[EventCountry "VIE"]
[SourceTitle "EXT 2016"]
[Source "ChessBase"]
[SourceDate "2015.10.08"]
[SourceVersion "1"]
[SourceVersionDate "2015.10.08"]
[SourceQuality "1"]

1. e4 c5 2. Nf3 Nc6 3. d4 cxd4 4. Nxd4 e6 5. c4 Nf6 6. Nc3 Bb4 7. Nxc6 bxc6 8. Bd3 d5 9. Qa4 Bxc3+ 10. bxc3 dxe4 11. Bxe4 Nxe4 12. Qxc6+ Bd7 13. Qxe4 0-0 14. Ba3 f5 15. Qf3 Rf7 16. 0-0 Rc8 17. Qf4 Qf6 18. Qd4 e5 19. Qd6 Rxc4 20. Rab1 h6 21. Rb7 Bc6 22. Rxf7 Kxf7 23. Rd1 Qxd6 24. Bxd6 Ke6 25. Bb4 Bd5 26. f3 g5 27. Kf2 g4 28. fxg4 Rxg4 29. g3 a5 30. Bf8 h5 31. a3 h4 32. Rb1 f4 33. Rg1 hxg3+ 34. hxg3 fxg3+ 35. Ke2 g2 36. Bh6 Rg6 37. Be3 Bc4+ 38. Kf2 Bf1 39. Bb6 a4 40. c4 Rg4 41. c5 Kd5 42. Kf3 Rc4 0-1

[Event "VIE-ch Resolution (Women) 7th"]
[Site "Bac Giang"]
[Date "2014.12.06"]
[Round "2"]
[White "Phan, Thao Nguyen"]
[Black "Nguyen, Thi Thuy Trien"]
[Result "0-1"]
[WhiteElo "1571"]
[BlackElo "1939"]
[PlyCount "95"]
[EventDate "2014.12.05"]
[EventType "swiss"]
[EventRounds "9"]
[EventCountry "VIE"]
[SourceTitle "EXT 2016"]
[Source "ChessBase"]
[SourceDate "2015.10.08"]
[SourceVersion "1"]
[SourceVersionDate "2015.10.08"]
[SourceQuality "1"]

1. e4 c6 2. d4 d5 3. Nc3 dxe4 4. Nxe4 Bf5 5. Ng3 Bg6 6. Nf3 e6 7. Be2 Bd6 8. Be3 Nd7 9. c3 Ngf6 10. Nh4 Qc7 11. Rc1 Nd5 12. Nf1 N7f6 13. f3 Nxe3 14. Nxe3 Bxh2 15. Nf1 Bg3+ 16. Nxg3 Qxg3+ 17. Kf1 0-0-0 18. Rh3 Qg5 19. g3 Nd5 20. Ng2 Bf5 21. g4 Bg6 22. Kf2 Kb8 23. Qh1 Qd2 24. Qe1 Qxb2 25. Kg1 h5 26. g5 Bf5 27. Rh4 Qb6 28. Qf2 Rd7 29. Kh1 Qc7 30. c4 Ne7 31. Rc3 Ng6 32. Rh2 Rhd8 33. d5 cxd5 34. Ra3 d4 35. f4 Be4 36. Bf3 Bxf3 37. Qxf3 d3 38. Qe3 Qb6 39. Qd2 Qc6 40. Rc3 Qf3 41. Rc1 Rd4 42. c5 Rc8 43. Kg1 Nxf4 44. Nxf4 Rxf4 45. Rg2 h4 46. Rc3 h3 47. Qf2 Rg4 48. Kh2 0-1

[Event "VIE-ch U20 Girls"]
[Site "Ho Chi Minh City"]
[Date "2014.07.18"]
[Round "9"]
[White "Nguyen, Thi Thuy Trien"]
[Black "Tran, Thi Mong Thu"]
[Result "1-0"]
[WhiteElo "1939"]
[BlackElo "1934"]
[PlyCount "89"]
[EventDate "2014.07.13"]
[EventType "swiss"]
[EventRounds "9"]
[EventCountry "VIE"]
[SourceTitle "EXT 2016"]
[Source "ChessBase"]
[SourceDate "2015.10.08"]
[SourceVersion "1"]
[SourceVersionDate "2015.10.08"]
[SourceQuality "1"]

1. d4 d5 2. c4 c6 3. Nc3 Nf6 4. Nf3 dxc4 5. a4 Bf5 6. e3 e6 7. Bxc4 Bd6 8. 0-0 0-0 9. Re1 Bc7 10. h3 h6 11. e4 Bh7 12. e5 Nd5 13. Qb3 Qc8 14. a5 a6 15. Ne4 Bxe4 16. Rxe4 Nd7 17. Rg4 Kh8 18. Bxd5 cxd5 19. Bxh6 g6 20. Bxf8 Nxf8 21. Qe3 Bd8 22. h4 Qc2 23. Qh6+ Kg8 24. Qc1 Qxc1+ 25. Rxc1 Bxa5 26. h5 Kg7 27. hxg6 Nxg6 28. Nh4 Bd8 29. Nxg6 fxg6 30. Kf1 a5 31. Ke2 g5 32. Rg3 Kg6 33. Rb3 Rb8 34. Rb5 Kf5 35. Kd3 Kg6 36. Ra1 Kf5 37. Rc1 Kg6 38. Rc3 b6 39. Rc1 Kf7 40. f3 Ke7 41. Rh1 Kd7 42. Rh7+ Kc6 43. Rb3 b5 44. Rc3+ Kb6 45. Rh6 1-0

[Event "VIE-ch U20 Girls"]
[Site "Ho Chi Minh City"]
[Date "2014.07.17"]
[Round "8"]
[White "Nguyen, Thi Nhac"]
[Black "Nguyen, Thi Thuy Trien"]
[Result "0-1"]
[WhiteElo "1847"]
[BlackElo "1939"]
[PlyCount "60"]
[EventDate "2014.07.13"]
[EventType "swiss"]
[EventRounds "9"]
[EventCountry "VIE"]
[SourceTitle "EXT 2016"]
[Source "ChessBase"]
[SourceDate "2015.10.08"]
[SourceVersion "1"]
[SourceVersionDate "2015.10.08"]
[SourceQuality "1"]

1. d4 d5 2. c4 e6 3. Nc3 Nf6 4. Nf3 c6 5. Bg5 Be7 6. e3 0-0 7. Bd3 Nbd7 8. 0-0 Re8 9. a3 h6 10. Bh4 dxc4 11. Bxc4 Nb6 12. Bd3 Nfd5 13. Bxe7 Qxe7 14. Rc1 Nxc3 15. Rxc3 Nd5 16. Rc5 Nf6 17. Bb1 Nd7 18. Qd3 Nf8 19. Ne5 Rd8 20. Rfc1 Rd5 21. R5c3 Rd8 22. h3 Qf6 23. Qe4 Bd7 24. Rc5 Be8 25. Ng4 Qe7 26. Nxh6+ gxh6 27. Rh5 Kg7 28. Qf4 Qf6 29. Qxf6+ Kxf6 30. Rxh6+ Kg7 0-1